[Event "Cap d'Agde CCAS op"]
[Site "Cap d'Agde"]
[Date "2010.10.24"]
[Round "2"]
[White "Vigneron, Jean"]
[Black "Blot, David"]
[Result "1/2-1/2"]
[WhiteElo "1901"]
[BlackElo "2040"]
[PlyCount "69"]
[EventDate "2010.10.23"]
[EventType "swiss"]
[EventRounds "7"]
[EventCountry "FRA"]
[SourceTitle "EXT 2012"]
[Source "ChessBase"]
[SourceDate "2011.11.24"]
[SourceVersion "1"]
[SourceVersionDate "2011.11.24"]
[SourceQuality "1"]

1. d4 Nf6 2. Bf4 g6 3. e3 Bg7 4. Nf3 0-0 5. Be2 d5 6. h3 c5 7. c3 Nc6 8. 0-0 Re8 9. Nbd2 Nd7 10. Bh2 e5 11. Nxe5 Ndxe5 12. dxe5 Nxe5 13. Nf3 Bf5 14. Nxe5 Bxe5 15. Bg4 Qd7 16. Bxf5 Qxf5 17. Qb1 Bxh2+ 18. Kxh2 Qe5+ 19. Kg1 Re6 20. Qd3 Rd8 21. b4 cxb4 22. cxb4 d4 23. exd4 Rxd4 24. Qc3 Rc6 25. Qb2 Qd6 26. a3 Rd2 27. Qb3 Qf6 28. Rad1 Rcc2 29. Rxd2 Rxd2 30. Qe3 Rd4 31. Qe8+ Kg7 32. Qb8 Qb6 33. Qe5+ Qf6 34. Qb8 Qb6 35. Qe5+ 1/2-1/2

[Event "FRA-chT2 0910"]
[Site "France"]
[Date "2010.01.24"]
[Round "7.7"]
[White "Vigneron, Jean"]
[Black "Barbaras, Mathieu"]
[Result "0-1"]
[WhiteElo "1908"]
[BlackElo "1922"]
[PlyCount "78"]
[EventDate "2009.09.27"]
[EventType "team-tourn"]
[EventRounds "11"]
[EventCountry "FRA"]
[SourceTitle "EXT 2011"]
[Source "ChessBase"]
[SourceDate "2010.11.26"]
[SourceVersion "1"]
[SourceVersionDate "2010.11.26"]
[SourceQuality "1"]

1. d4 Nf6 2. Bf4 d5 3. e3 c5 4. c3 Nc6 5. Nd2 Bf5 6. Ngf3 Qb6 7. Qb3 c4 8. Qxb6 axb6 9. a3 b5 10. Rc1 Nd7 11. Be2 Nb6 12. Bd1 e6 13. Bc2 Bxc2 14. Rxc2 b4 15. 0-0 b3 16. Rcc1 Na4 17. Rb1 Bxa3 18. bxa3 Nxc3 19. Bd6 Nxb1 20. Nxb1 Kd7 21. Bc5 Ra6 22. Ne5+ Nxe5 23. dxe5 Rc8 24. Bb4 Rca8 25. Rd1 Ra4 26. Bd6 R8a6 27. Bc5 Rc6 28. Bd4 Rca6 29. Bb2 Kc6 30. Kf1 b5 31. Bc3 Rxa3 32. Nxa3 Rxa3 33. Rb1 Ra2 34. Ke1 Kc5 35. Rb2 b4 36. Bd4+ Kb5 37. Kd1 Rxb2 38. Bxb2 c3 39. Bc1 Kc4 0-1

[Event "FRA-chT2 East 0809"]
[Site "France"]
[Date "2008.12.14"]
[Round "4.4"]
[White "Vigneron, Jean"]
[Black "Goossens, Etienne"]
[Result "0-1"]
[WhiteElo "1899"]
[BlackElo "2247"]
[PlyCount "78"]
[EventDate "2008.10.19"]
[EventType "tourn"]
[EventRounds "11"]
[EventCountry "FRA"]
[SourceTitle "EXT 2010"]
[Source "ChessBase"]
[SourceDate "2010.11.25"]
[SourceVersion "1"]
[SourceVersionDate "2010.11.25"]
[SourceQuality "1"]
[WhiteTeam "Vandoeuvre II"]
[BlackTeam "Metz Fischer II"]
[WhiteTeamCountry "FRA"]
[BlackTeamCountry "FRA"]

1. d4 e6 2. Bf4 c5 3. e3 Qb6 4. Nc3 Nf6 5. Nf3 cxd4 6. exd4 Qxb2 7. Nb5 Bb4+ 8. Bd2 Bxd2+ 9. Nxd2 0-0 10. a3 a6 11. Rb1 Qa2 12. Bc4 Qxb1 13. Nxb1 axb5 14. Bxb5 Na6 15. 0-0 Nc7 16. Bd3 b5 17. f4 d6 18. Nc3 Bd7 19. Qe2 Rxa3 20. Nxb5 Rxd3 21. Nxc7 Rxd4 22. Nb5 Bxb5 23. Qxb5 Rc8 24. Qb7 Rdc4 25. Rf2 g6 26. g3 d5 27. Qb2 Rc3 28. Rd2 Ne4 29. Re2 h5 30. Rg2 Kh7 31. Qb7 Kg7 32. Qb2 Nd6 33. Kf1 Nf5 34. Re2 Kg8 35. Qb6 R3c6 36. Qb2 Rc3 37. Qb6 R3c4 38. Qb2 h4 39. Kg2 Rxc2 0-1

[Event "Vandoeuvre op"]
[Site "Vandoeuvre"]
[Date "2004.12.26"]
[Round "1"]
[White "Vigneron, Jean"]
[Black "Oster, Jean Marie"]
[Result "1-0"]
[WhiteElo "1970"]
[BlackElo "1630"]
[PlyCount "70"]
[EventDate "2004.12.26"]
[EventType "swiss"]
[EventRounds "9"]
[EventCountry "FRA"]
[SourceTitle "CBM 104 Extra"]
[Source "ChessBase"]
[SourceDate "2005.03.01"]
[SourceVersion "1"]
[SourceVersionDate "2005.03.01"]
[SourceQuality "1"]

1. e4 c5 2. Nc3 e6 3. f4 Ne7 4. Nf3 Nbc6 5. d4 cxd4 6. Nxd4 a6 7. Be3 b5 8. Nb3 Ng6 9. g3 Bb4 10. Qd3 0-0 11. Bg2 Na5 12. Nxa5 Qxa5 13. Bd2 Ne7 14. 0-0 Ra7 15. a3 Qb6+ 16. Kh1 Bxc3 17. Be3 Qc7 18. Bxa7 Bxb2 19. Ra2 Bxa3 20. Rxa3 Qxa7 21. Qxb5 Nc6 22. Qd3 Nd4 23. c3 Nb5 24. Qxb5 Qc7 25. Qd3 d6 26. Rd1 Rd8 27. Qd4 Bb7 28. Rb3 Bc6 29. Qb6 Qc8 30. Rb4 g6 31. Rc4 Qb7 32. Rxc6 Qxb6 33. Rxb6 Rc8 34. Rbxd6 Rxc3 35. Rxa6 Kg7 1-0

[Event "Vandoeuvre op"]
[Site "Vandoeuvre"]
[Date "2004.??.??"]
[Round "2"]
[White "Grenouilloux, Alain"]
[Black "Vigneron, Jean"]
[Result "1-0"]
[WhiteElo "2116"]
[BlackElo "1970"]
[PlyCount "65"]
[EventDate "2004.12.26"]
[EventType "swiss"]
[EventRounds "9"]
[EventCountry "FRA"]
[SourceTitle "CBM 104 Extra"]
[Source "ChessBase"]
[SourceDate "2005.03.01"]
[SourceVersion "1"]
[SourceVersionDate "2005.03.01"]
[SourceQuality "1"]

1. d4 Nf6 2. Nf3 b6 3. g3 Bb7 4. Bg2 e6 5. c4 c5 6. Nc3 a6 7. d5 exd5 8. Nxd5 Bxd5 9. cxd5 d6 10. 0-0 Be7 11. Re1 0-0 12. e4 Nbd7 13. Nh4 g6 14. f4 Nh5 15. Nf5 f6 16. b3 Re8 17. Nh6+ Kf8 18. Bb2 Ra7 19. Bh3 Ng7 20. a4 Qb8 21. Qd3 Bd8 22. Bxd7 Rxd7 23. Qxa6 b5 24. axb5 Rb7 25. e5 Rxb5 26. exf6 Rxe1+ 27. Rxe1 Nf5 28. Nxf5 gxf5 29. Qc6 Ba5 30. Re7 c4 31. Rf7+ Kg8 32. Rg7+ Kh8 33. Qd7 1-0